Bible personalities, teacher's book for use with 10 year olds. (Record no. 1082)

MARC details
000 -LEADER
fixed length control field 00650cam a2200217u 4500
001 - CONTROL NUMBER
control field 9850999
003 - CONTROL NUMBER IDENTIFIER
control field GBCCL
005 - DATE AND TIME OF LATEST TRANSACTION
control field 20241126110353.0
008 - FIXED-LENGTH DATA ELEMENTS--GENERAL INFORMATION
fixed length control field 810515s1963 tnua 000 0 eng
010 ## -
-- 63017523
040 ## - CATALOGING SOURCE
Original cataloging agency DLC
Transcribing agency CarP
Modifying agency DLC
050 00 -
-- BS600.2
-- .H3
082 ## - DEWEY DECIMAL CLASSIFICATION NUMBER
Classification number 220.07
Item number HAL
100 1# - MAIN ENTRY--PERSONAL NAME
Personal name Haley, Mary Jane. [from old catalog]
9 (RLIN) 1924
245 10 - TITLE STATEMENT
Title Bible personalities, teacher's book for use with 10 year olds.
260 ## - PUBLICATION, DISTRIBUTION, ETC.
Place of publication, distribution, etc. Nashville,
Name of publisher, distributor, etc. Broadman Press
Date of publication, distribution, etc. [1963]
300 ## - PHYSICAL DESCRIPTION
Extent 192 p.
Other physical details illus.
Dimensions 21 cm.
630 00 - SUBJECT ADDED ENTRY--UNIFORM TITLE
Uniform title Bible
General subdivision Study and teaching.
9 (RLIN) 498
906 ## - LOCAL DATA ELEMENT F, LDF (RLIN)
a 0
b cbc
c premunv
d u
e ncip
f 19
g y-gencatlg
942 ## - ADDED ENTRY ELEMENTS (KOHA)
Source of classification or shelving scheme Dewey Decimal Classification
Koha item type Books
Koha issues (borrowed), all copies 1
Holdings
Withdrawn status Lost status Source of classification or shelving scheme Damaged status Not for loan Home library Current Library Shelving location Date acquired Total checkouts Full call number Barcode Date last seen Date last checked out Copy number Price effective from Koha item type
    Dewey Decimal Classification     GRACE BIBLE COLLEGE GRACE BIBLE COLLEGE Biblical Studies 2017-04-11 1 220.07 HAL 007446 2025-05-01 2023-07-14 c.1 2017-04-11 Books
© Grace Bible College Library 2025